Die Nutzholzer der Welt /

Bibliographic Details
Main Author: Barner, Johannes, 1900-
Format: Book
Language:German
Published: Weinheim : J. Cramer, 1961-1962 [v. 4., 1961]
Subjects:

MARC

Tag First Indicator Second Indicator Subfields
LEADER 00000cam a2200000 4500
001 in00000042386
005 20151007072705.0
008 800606m19611962gw b 001 0 ger d
035 |a (OCoLC)06395635 
035 |9 AAE8374AM 
040 |a TXA  |c TXA  |d UtOrBLW 
049 |a TXAM  |v 1 [465057]  |v 2 [465058]  |v 3 [465060]  |v 4 [465059] 
090 |a SD434  |b .B27 1961 
092 |a 582.16  |b B259n, 1961-62 
100 1 |a Barner, Johannes,  |d 1900- 
245 1 4 |a Die Nutzholzer der Welt /  |c Unter Mitwirkung von Johann Friedrich Muller. Hrsg. mit Unterstutzung des Reichsforstamts und des Reichsforschungsrats. 
264 1 |a Weinheim :  |b J. Cramer,  |c 1961-1962 [v. 4., 1961] 
300 |a 4 volumes ;  |c 26 cm. 
336 |a text  |b txt  |2 rdacontent 
337 |a unmediated  |b n  |2 rdamedia 
338 |a volume  |b nc  |2 rdacarrier 
504 |a Bibliography: Bd. 4, pages 1137-1183. 
500 |a Includes indexes in Bd. 4 ("Registerband"). 
650 0 |a Timber. 
650 0 |a Trees  |v Nomenclature (Popular) 
999 |a MARS 
999 f f |s 1717b99a-1409-3349-8f91-d9de71d5dad1  |i c8f546dc-8d89-39ab-9784-aaffa51f1f9a  |t 0 
952 f f |p ric  |a Texas A&M University  |b Rellis Campus  |c Joint Library Facility  |d Remote Storage  |t 0  |e SD434 .B27 1961  |h Library of Congress classification  |i unmediated -- volume  |k Bd.2  |m A14800995090 
952 f f |p ric  |a Texas A&M University  |b Rellis Campus  |c Joint Library Facility  |d Remote Storage  |t 0  |e SD434 .B27 1961  |h Library of Congress classification  |i unmediated -- volume  |k Bd.3  |m A14800995105 
952 f f |p ric  |a Texas A&M University  |b Rellis Campus  |c Joint Library Facility  |d Remote Storage  |t 0  |e SD434 .B27 1961  |h Library of Congress classification  |i unmediated -- volume  |k Bd.1  |m A14800995082 
952 f f |p ric  |a Texas A&M University  |b Rellis Campus  |c Joint Library Facility  |d Remote Storage  |t 0  |e SD434 .B27 1961  |h Library of Congress classification  |i unmediated -- volume  |k Bd.4  |m A14800995113 
998 f f |a SD434 .B27 1961  |s Bd.1-Bd.4  |t 0  |l Remote Storage